thornton's legislative drafting (Record no. 8428)

MARC details
000 -LEADER
fixed length control field 00790nam a22001817a 4500
003 - CONTROL NUMBER IDENTIFIER
control field OSt
005 - DATE AND TIME OF LATEST TRANSACTION
control field 20160209103022.0
008 - FIXED-LENGTH DATA ELEMENTS--GENERAL INFORMATION
fixed length control field 160209b xxu||||| |||| 00| 0 eng d
020 ## - INTERNATIONAL STANDARD BOOK NUMBER
International Standard Book Number 9781780432090
040 ## - CATALOGING SOURCE
Original cataloging agency Law Development Dentre
082 ## - DEWEY DECIMAL CLASSIFICATION NUMBER
Edition number 5th Ed.
Classification number 340
Item number XAN
100 ## - MAIN ENTRY--PERSONAL NAME
Personal name thornton's legislative drafting
245 ## - TITLE STATEMENT
Title thornton's legislative drafting
Statement of responsibility, etc dr helen xanthaki
260 ## - PUBLICATION, DISTRIBUTION, ETC. (IMPRINT)
Place of publication, distribution, etc bloomsbury professional
Name of publisher, distributor, etc lexisnexis
Date of publication, distribution, etc c2013
300 ## - PHYSICAL DESCRIPTION
Extent 19.24p.
Type of unit cm
Size of unit 25
500 ## - GENERAL NOTE
General note 1 words 1<br/>2 syntax 17<br/>3 style 49<br/>4 specific matters of style 85<br/>5 miscellaneous words and expressions 101<br/>6 interpretation acts 127<br/>7 the drafting process:part 1 141<br/>8 the drafting process:part 2 163<br/>9 formalities and arrangement 203<br/>
942 ## - ADDED ENTRY ELEMENTS (KOHA)
Source of classification or shelving scheme Dewey Decimal Classification
Koha item type Books
Classification part 340.02
Call number prefix THO
Call number suffix 340.02THO

No items available.